000 01128nam a2200313 i 4500
003 EG-GICUC
005 20260121101436.0
008 251207s2010 ua ||||fr|||| 00| 0 ara d
017 _a٢٠٠٥/١٠٩٢٠
020 _a977-04-9714-2
040 _a EG-GICUC
_bara
_c EG-GICUC
_d EG-GICUC
_erda
041 0 _aara
082 0 4 _221
_a345.43
_bم ح . ح
092 0 4 _221
099 _aLaw1 07 345.43 م ح . ح 2010
100 0 _aمحمد إبراهيم الدسوقى علي
_eمؤلف.
245 1 0 _aحماية الموظف العام إدارياً /
_cدكتور محمد إبراهيم الدسوقى علي.
264 1 _aالقاهرة :
_bدار النهضة العربية،
_c2010.
300 _a519 ؛صفحة
_c24 سم.
336 _2rda content
_atext
337 _2rda media
_aComputer
338 _2rda carrier
_aOnline Resource
504 _a.506-497 ببليوجرافيا: صفحات
650 1 4 _aحقوق الموظف العام
650 1 4 _aالقانون الإداري
856 4 0 _uhttps://fll.law.cu.edu.eg/fulltext/bks/B07-01364.pdf
905 _a32
_eYara
942 _2ddc
_cBK
_e21
_n0
999 _c48796
_d48796